000 01120nam a2200193Ia 4500
999 _c9221
_d9221
005 20230909142450.0
008 230906s9999 xx 000 0 und d
040 _aUPAN
_cBiblioteca San Vicente
_eRCAA2
041 _aspa
082 _a800
_bP116o
_cs.n.
100 _aPacheco Zegarra, Gabino
_4tr.
245 0 _aOllantay/
_cGabino Pacheco Zegarra
250 _a1° ed.
260 _as.l.:
_c1998?,
_bs.n.
300 _a50 p.;
_c24 cm.
505 _aEl general de los ejércitos Incas, Ollántay, se ha enamorado de la hija del inca Pachacútic, Rey del Cuzco, pero solamente otro inca puede casarse con ella. A pesar de ese obstáculo, el general decide pedir su mano. La madre de la princesa oculta sus amores y su boda secreta. El sumo sacerdote Willca Uma le revelará a Ollántay los peligros de la ira del Inca. A partir de aquí los amantes se deben separar y son obligados a refugiarse. Ella es encerrada en una casa de mujeres y Ollántay huye a la ciudad que lleva su nombre. Ollantaybo, en donde tendrá que defenderse del inca PachacúticE
650 _2LEMB
_xLiteratura clásica
942 _cBK
_2ddc